| 000 | 00329nam a2200133Ia 4500 | ||
|---|---|---|---|
| 008 | 180730s9999||||xx |||||||||||||| ||und|| | ||
| 020 | _aN/A | ||
| 082 |
_a096 _bALI/M |
||
| 100 | _aAlias Systems Corporation | ||
| 245 | 0 | _aMAAC- Notes and Tutorials for Cool Edit | |
| 260 |
_aMumbai _bAutodesk, Inc. |
||
| 300 | _a66p | ||
| 942 | _aBK | ||
| 999 |
_c1997 _d1997 |
||